000 00693nam a2200181Ia 4500
008 100920s9999 xx 000 0 und d
082 _b67534
_a891.461 थ 90
100 _a---
245 _aगाणी ! मनातली ;गळ्यातली !! भाग 1 ला.
260 _bसाहित्य-प्रसार-केंद्र, मुंबई.
_c1990
300 _a139
_bसाधी
365 _b50
520 _aपदय.
630 _aगाणी ! मनातली ;गळ्यातली !! भाग 1 ला.
650 _aपदय.
730 _aगाणी ! मनातली ;गळ्यातली !! भाग 1 ला.
942 _cBOOK
999 _c709990
_d709987